[Event "Rated Blitz tournament sjOWdpiu"]
[Site "?"]
[Date "2021.07.07"]
[Round "?"]
[White "Haditala1"]
[Black "Bis_Kecil_BKD"]
[Result "0-1"]
[WhiteElo "2236"]
[BlackElo "2405"]
[PlyCount "70"]
[EventDate "2021.??.??"]
[EventType "blitz"]

1. e4 e5 2. Nf3 d5 3. Nxe5 dxe4 4. d4 Nd7 5. Nxd7 Bxd7 6. Bc4 Nf6 7. O-O Bd6 8.
h3 h5 9. Nc3 c6 10. Bg5 Qc7 11. Bxf6 gxf6 12. Nxe4 Be7 13. Re1 O-O-O 14. Bxf7
f5 15. Nc5 Bxc5 16. dxc5 f4 17. Qf3 Kb8 18. Bc4 Qa5 19. Re5 Qb4 20. Qxf4 Ka8
21. Re4 Qxb2 22. Qc1 Qc3 23. Bd3 Qxc5 24. Qb2 Rhf8 25. Re2 Rg8 26. Rb1 b6 27.
Re3 Rdf8 28. Qe5 Qxe5 29. Rxe5 Bxh3 30. Be4 Rf6 31. Rxh5 Bg4 32. Rh4 Bf3 33.
Bxf3 Rxf3 34. g3 Rc3 35. Rb2 Ra3 {Time forfeit} 0-1

[Event "Rated Blitz game"]
[Site "?"]
[Date "2021.07.07"]
[Round "?"]
[White "Chesstomioka"]
[Black "Fantastic_power06"]
[Result "0-1"]
[WhiteElo "2582"]
[BlackElo "2670"]
[PlyCount "22"]
[EventDate "2021.??.??"]
[EventType "blitz"]

1. e4 e5 2. Nf3 d5 3. Nxe5 Bd6 4. d4 dxe4 5. Nc3 Bxe5 6. dxe5 Qxd1+ 7. Kxd1 Nc6
8. Bb5 Bd7 9. Bf4 O-O-O 10. Ke2 Nd4+ 11. Ke3 Nxb5 {Normal} 0-1

[Event "Rated Blitz game"]
[Site "?"]
[Date "2021.07.07"]
[Round "?"]
[White "Mlchael"]
[Black "Fantastic_power06"]
[Result "1/2-1/2"]
[WhiteElo "2855"]
[BlackElo "2672"]
[PlyCount "167"]
[EventDate "2021.??.??"]
[EventType "blitz"]

1. e4 e5 2. Nf3 d5 3. exd5 e4 4. Qe2 Nf6 5. d3 Qxd5 6. Nbd2 Nc6 7. Nxe4 Be6 8.
Nxf6+ gxf6 9. Qe4 Qh5 10. Qh4 Qc5 11. Qxf6 Rg8 12. c3 Be7 13. Qf4 O-O-O 14. d4
Qa5 15. Bd2 Rg4 16. Qe3 Qb6 17. O-O-O Bxa2 18. Ne5 Ba3 19. Nd3 Na5 20. d5 Nb3+
21. Kc2 Bc5 22. Nxc5 Nxc5 23. b4 Bb3+ 24. Kc1 Bxd1 25. Qxc5 Qxc5 26. bxc5 Bb3
27. Bd3 Rxd5 28. Bxh7 Ra4 29. Kb2 Rxd2+ 30. Kxb3 Rh4 31. Bf5+ Kd8 32. g3 Rh6
33. h4 Rxf2 34. g4 Ke7 35. Re1+ Kf8 36. h5 Rxh5 37. gxh5 Rxf5 38. Kc4 Rxh5 39.
Ra1 b6 40. cxb6 axb6 41. Ra8+ Ke7 42. Rc8 Rc5+ 43. Kd4 Kd6 44. Rd8+ Kc6 45. Rf8
f5 46. c4 Kb7 47. Rg8 Ra5 48. Rf8 c6 49. Rf6 Rc5 50. Rf8 Ka7 51. Rf7+ Ka6 52.
Rf8 Ka5 53. Rb8 f4 54. Kc3 b5 55. Ra8+ Kb6 56. Rb8+ Kc7 57. Rf8 Rxc4+ 58. Kd3
Kb6 59. Rf7 Kc5 60. Rf5+ Kb6 61. Rh5 c5 62. Rh1 Rd4+ 63. Kc3 Kc6 64. Rh6+ Kd5
65. Rh5+ Ke4 66. Rh1 b4+ 67. Kc2 f3 68. Rh8 f2 69. Rf8 Ke3 70. Kb3 Re4 71. Rh8
Rf4 72. Rh3+ Ke2 73. Rh2 Rf3+ 74. Kc4 Ke1 75. Kxc5 f1=Q 76. Rh6 Rf2 77. Re6+
Qe2 78. Rd6 Qc2+ 79. Kxb4 Qb2+ 80. Kc5 Rc2+ 81. Kd5 Rd2+ 82. Ke6 Qe5+ 83. Kxe5
Rxd6 84. Kxd6 {Normal} 1/2-1/2

[Event "Rated Blitz tournament k6ReHcN1"]
[Site "?"]
[Date "2021.07.07"]
[Round "?"]
[White "JimmyMcCavern"]
[Black "Grimlock_Glasgow"]
[Result "0-1"]
[WhiteElo "2373"]
[BlackElo "2527"]
[PlyCount "124"]
[EventDate "2021.??.??"]
[EventType "blitz"]

1. e4 e5 2. Nf3 d5 3. Nxe5 Bd6 4. d4 dxe4 5. Bc4 Bxe5 6. Qh5 Qe7 7. Qxe5 Qxe5
8. dxe5 Nc6 9. Bf4 Nge7 10. Bb5 Bd7 11. Nc3 O-O-O 12. O-O-O Ng6 13. Bg3 Ncxe5
14. Bxd7+ Rxd7 15. Rxd7 Nxd7 16. Nxe4 f5 17. f3 fxe4 18. fxe4 Re8 19. Re1 Nf6
20. e5 Nh5 21. e6 Nxg3 22. hxg3 Nf8 23. e7 Ng6 24. Rh1 h6 25. g4 Rxe7 26. g5
hxg5 27. Rh5 Re5 28. Rh7 Nf4 29. Rxg7 Nxg2 30. Kd2 Nh4 31. Kd3 b6 32. c4 Kb7
33. b4 a5 34. a3 axb4 35. axb4 Nf3 36. b5 Rf5 37. Ke4 Rf4+ 38. Ke3 Nh4 39. Rxg5
Rxc4 40. Kd3 Rc5 41. Rg4 Nf3 42. Rb4 Ne5+ 43. Kd4 Nf7 44. Rb1 Nd6 45. Rb2 Nxb5+
46. Kd3 Nd6 47. Kd4 Kc6 48. Rh2 b5 49. Rh8 b4 50. Rh3 Rc3 51. Rh6 Rc4+ 52. Kd3
b3 53. Rh2 Rb4 54. Rb2 Nc4 55. Rb1 b2 56. Kc3 Kb5 57. Kc2 Na3+ 58. Kc3 Nxb1+
59. Kc2 Na3+ 60. Kc3 b1=Q 61. Kd2 Rb3 62. Ke2 Qc2+ {Normal} 0-1

[Event "Rated Blitz tournament bU82IxM9"]
[Site "?"]
[Date "2021.07.07"]
[Round "?"]
[White "Sanek_Mikheev"]
[Black "Secret2700"]
[Result "0-1"]
[WhiteElo "2443"]
[BlackElo "2498"]
[PlyCount "94"]
[EventDate "2021.??.??"]
[EventType "blitz"]

1. e4 e5 2. Nf3 d5 3. d4 dxe4 4. Nxe5 Bd6 5. Nc4 Nf6 6. Be3 O-O 7. Nxd6 Qxd6 8.
Nd2 Re8 9. c3 Nc6 10. Be2 Bf5 11. Nc4 Qe7 12. Qd2 Rad8 13. O-O-O Nd5 14. Bg5 f6
15. Be3 b5 16. Na3 b4 17. Nc2 bxc3 18. bxc3 Rb8 19. Bc4 Qf7 20. Bb3 Be6 21. Na1
Na5 22. Qc2 Nxb3+ 23. Nxb3 Nxe3 24. fxe3 Bxb3 25. axb3 Rxb3 26. Kd2 Reb8 27.
Rb1 a5 28. Qxe4 Rb2+ 29. Rxb2 Rxb2+ 30. Kc1 Rb8 31. Qc2 Qd5 32. e4 Qg5+ 33. Kd1
Qg4+ 34. Ke1 h5 35. Kf2 Qf4+ 36. Ke2 a4 37. g3 Qg4+ 38. Kf2 a3 39. Rb1 Rf8 40.
Qb3+ Kh8 41. Re1 f5 42. e5 f4 43. Kg2 fxg3 44. hxg3 Qf3+ 45. Kh3 Qf5+ 46. Kh2
Qf2+ 47. Kh3 Qxe1 {Normal} 0-1

[Event "Titled Tuesday 6th July"]
[Site "chess.com INT"]
[Date "2021.07.06"]
[Round "3"]
[White "Macovei, Andrei"]
[Black "Christensen, Thom2"]
[Result "1-0"]
[WhiteElo "2455"]
[BlackElo "2154"]
[PlyCount "55"]
[EventDate "2021.07.06"]
[SourceTitle "The Week in Chess 1392"]
[Source "Mark Crowther"]
[SourceDate "2021.07.12"]
[SourceVersion "1"]
[SourceVersionDate "2021.07.20"]
[SourceQuality "2"]

1. e4 e5 2. Nf3 d5 3. d4 dxe4 4. Nxe5 Bd6 5. Bc4 Bxe5 6. Qh5 Qf6 7. Qxe5+ Qxe5
8. dxe5 Nc6 9. Nc3 Nxe5 10. Bb3 Bf5 11. Bf4 Ng6 12. Bxc7 Nf6 13. Ba4+ Bd7 14.
Bxd7+ Kxd7 15. Bg3 Kc6 16. O-O-O Rad8 17. Rhe1 Rxd1+ 18. Rxd1 b6 19. Rd6+ Kb7
20. Rd4 Re8 21. Nb5 Re6 22. Nd6+ Kc6 23. Nxf7 Re7 24. Nd8+ Kb5 25. a4+ Ka6 26.
b4 Ne8 27. b5+ Ka5 28. Nc6# 1-0

[Event "Rated Blitz game"]
[Site "?"]
[Date "2021.07.06"]
[Round "?"]
[White "PilotodepruebasII"]
[Black "annaly1979"]
[Result "1/2-1/2"]
[WhiteElo "2401"]
[BlackElo "2393"]
[PlyCount "160"]
[EventDate "2021.??.??"]
[EventType "blitz"]

1. e4 e5 2. Nf3 d5 3. exd5 e4 4. Ne5 Bd6 5. d4 Nf6 6. Bb5+ Nbd7 7. Bg5 h6 8.
Bxf6 gxf6 9. Nxd7 Bxd7 10. Bxd7+ Qxd7 11. Nc3 f5 12. Qh5 O-O-O 13. O-O-O Rdg8
14. g3 Rg5 15. Qe2 a6 16. f3 Re8 17. Rhe1 Rgg8 18. Qg2 e3 19. f4 Re7 20. Qf3
Rge8 21. Re2 Bb4 22. Rd3 Bxc3 23. Rxc3 Qd6 24. Rcxe3 Rxe3 25. Rxe3 Rd8 26. c4
Qb4 27. Qe2 c6 28. a3 Qa4 29. Qc2 Qxc2+ 30. Kxc2 cxd5 31. c5 Kd7 32. Re5 Kc6
33. Rxf5 Rd7 34. a4 Re7 35. Rf6+ Kc7 36. b4 Re2+ 37. Kd3 Rxh2 38. b5 axb5 39.
axb5 Rb2 40. b6+ Kc8 41. Rxf7 Rb3+ 42. Ke2 Rxg3 43. Rc7+ Kb8 44. Rd7 Kc8 45.
Rxd5 Rh3 46. f5 Rh5 47. Re5 Rg5 48. Kf3 h5 49. f6 Rg6 50. Rf5 Rg8 51. Rxh5 Kd7
52. d5 Rf8 53. Rh7+ Kc8 54. f7 Kd7 55. Ke4 Ke7 56. Ke5 Kd7 57. Kf6 Kd8 58. Kg7
Ke7 59. Rh8 Rxf7+ 60. Kg6 Rf3 61. Rb8 Rg3+ 62. Kf5 Rf3+ 63. Ke4 Rc3 64. Rxb7+
Kd8 65. c6 Kc8 66. Ke5 Rh3 67. Kd6 Rh5 68. Kc5 Rh4 69. Rc7+ Kd8 70. Rd7+ Ke8
71. b7 Rb4 72. b8=Q+ Rxb8 73. Rb7 Ra8 74. Kd6 Rd8+ 75. Ke6 Rc8 76. d6 Kd8 77.
Re7 Rxc6 78. Rd7+ Kc8 79. Rc7+ Rxc7 80. dxc7 Kxc7 {Normal} 1/2-1/2

[Event "Rated Blitz game"]
[Site "?"]
[Date "2021.07.06"]
[Round "?"]
[White "ANDI_U23SPG"]
[Black "GrandeGila"]
[Result "0-1"]
[WhiteElo "2303"]
[BlackElo "2475"]
[PlyCount "108"]
[EventDate "2021.??.??"]
[EventType "blitz"]

1. e4 e5 2. Nf3 d5 3. d3 dxe4 4. dxe4 Qxd1+ 5. Kxd1 Bg4 6. Be2 Nc6 7. c3 O-O-O+
8. Nbd2 f5 9. Kc2 fxe4 10. Nxe4 Bf5 11. Bd3 Nf6 12. Nfd2 Ne7 13. f3 Ned5 14.
Nd6+ Bxd6 15. Bxf5+ Kb8 16. Ne4 Nxe4 17. fxe4 Nf6 18. Bg5 Rdf8 19. Bxf6 Rxf6
20. Rhf1 Rhf8 21. Rfd1 g6 22. Bh3 Bc5 23. Rd2 Be3 24. Rd3 Rf2+ 25. Kb3 Bg5 26.
Rad1 a6 27. Rd7 Re2 28. Rxh7 Rf6 29. Rh8+ Ka7 30. Kc4 Rxe4+ 31. Kb3 Rb6+ 32.
Ka3 Be7+ 33. b4 a5 34. Rh7 axb4+ 35. cxb4 Bxb4+ 36. Kb3 Ba5+ 37. Kc2 Re2+ 38.
Kd3 Rxa2 39. Ke4 Re2+ 40. Kf3 Rc2 41. Ra1 Ra6 42. Rg7 Rcc6 43. Ke4 Bc3 44.
Rxa6+ Kxa6 45. Bd7 Rc4+ 46. Kd5 Rd4+ 47. Ke6 Rd6+ 48. Ke7 e4 49. Rf7 e3 50. Bg4
Rd2 51. Rf4 Rxg2 52. Re4 Bd2 53. Bf3 Rxh2 54. Ra4+ Kb5 {Time forfeit} 0-1

[Event "Rated Blitz game"]
[Site "?"]
[Date "2021.07.06"]
[Round "?"]
[White "ElAdversario"]
[Black "annaly1979"]
[Result "1-0"]
[WhiteElo "2544"]
[BlackElo "2399"]
[PlyCount "99"]
[EventDate "2021.??.??"]
[EventType "blitz"]

1. e4 e5 2. Nf3 d5 3. exd5 e4 4. Qe2 f5 5. d3 Nf6 6. dxe4 fxe4 7. Nc3 Be7 8.
Ng5 O-O 9. Qc4 Bd6 10. Be2 Bf5 11. Ngxe4 Nxe4 12. Nxe4 Re8 13. Nxd6 cxd6 14.
O-O Nd7 15. Bd1 Rc8 16. Qb3 Nc5 17. Qa3 a6 18. Be3 Qf6 19. c3 Bd3 20. Re1 Qg6
21. Bf3 Be4 22. Bxe4 Nxe4 23. Rad1 h5 24. Qb3 b5 25. a4 bxa4 26. Qxa4 h4 27. h3
Rb8 28. Qc2 Kh7 29. Rd4 Re7 30. f3 Rxb2 31. Qxb2 Ng3 32. Rxh4+ Kg8 33. Qd2 Nf5
34. Rg4 Qe8 35. Re4 Rxe4 36. fxe4 Qxe4 37. Bf2 Qc4 38. Ra1 Ne7 39. Qd4 Qc8 40.
c4 Nf5 41. Qe4 Qf8 42. Rxa6 Ne7 43. Qe6+ Kh7 44. Rxd6 Nf5 45. Rd7 Nh6 46. Bd4
Nf5 47. Be5 Qc5+ 48. Kh2 Qf2 49. Rf7 Qe3 50. Qxf5+ {Time forfeit} 1-0

[Event "Rated Blitz game"]
[Site "?"]
[Date "2021.07.06"]
[Round "?"]
[White "chessiando"]
[Black "olarovfan"]
[Result "1-0"]
[WhiteElo "2699"]
[BlackElo "2612"]
[PlyCount "105"]
[EventDate "2021.??.??"]
[EventType "blitz"]

1. e4 e5 2. Nf3 d5 3. Nxe5 Bd6 4. d4 dxe4 5. Nc4 Nc6 6. Nxd6+ Qxd6 7. Be3 f5 8.
Qd2 Nf6 9. Nc3 Be6 10. Nb5 Qd7 11. c4 a6 12. Nc3 f4 13. Bxf4 Qxd4 14. O-O-O
O-O-O 15. Qxd4 Nxd4 16. Be5 Nc6 17. Rxd8+ Rxd8 18. Bxf6 gxf6 19. Nxe4 Nb4 20.
Nc3 Nd3+ 21. Bxd3 Rxd3 22. Re1 Bxc4 23. Re4 Bf7 24. Rf4 Rd6 25. b3 Bg6 26. h4
h5 27. Ne2 Kd7 28. Rf3 Ke6 29. Nf4+ Kf7 30. Rc3 c6 31. Rc5 b6 32. Rc3 c5 33. a3
Rd4 34. g3 a5 35. Re3 Rd6 36. Re2 Bf5 37. Rd2 Rxd2 38. Kxd2 Bg4 39. a4 Ke7 40.
Nd5+ Kd6 41. Nxb6 Be6 42. Kc3 Ke5 43. Nc4+ Ke4 44. Nxa5 Bd5 45. Nc4 Kf3 46. Nb6
Be6 47. a5 Bf5 48. a6 Be4 49. Nd7 f5 50. Nxc5 Bc6 51. Nd3 Ke2 52. Ne5 Be4 53.
f4 {Time forfeit} 1-0

[Event "Rated Blitz game"]
[Site "?"]
[Date "2021.07.06"]
[Round "?"]
[White "arzenios"]
[Black "elrond"]
[Result "0-1"]
[WhiteElo "2406"]
[BlackElo "2384"]
[PlyCount "40"]
[EventDate "2021.??.??"]
[EventType "blitz"]

1. e4 e5 2. Nf3 d5 3. Bc4 dxc4 4. Nxe5 Qd4 5. Ng4 Qxe4+ 6. Ne3 Nc6 7. d3 cxd3
8. cxd3 Bb4+ 9. Bd2 Qe7 10. O-O Bxd2 11. Qxd2 Nf6 12. Nc3 Be6 13. Rfe1 O-O 14.
Ned5 Nxd5 15. Nxd5 Qd6 16. Nf4 Rad8 17. Nh5 Qxd3 18. Qg5 Qg6 19. Qh4 Rd4 20.
Nf4 Qf5 {Normal} 0-1

[Event "Rated Blitz game"]
[Site "?"]
[Date "2021.07.06"]
[Round "?"]
[White "Viageiro"]
[Black "jflup"]
[Result "0-1"]
[WhiteElo "2420"]
[BlackElo "2512"]
[PlyCount "70"]
[EventDate "2021.??.??"]
[EventType "blitz"]

1. e4 e5 2. Nf3 d5 3. Nxe5 Bd6 4. d4 dxe4 5. Nc4 Be7 6. Nc3 Nf6 7. Bg5 Nc6 8.
d5 Nxd5 9. Qxd5 Bxg5 10. Qxe4+ Be6 11. Bd3 Qd4 12. Nb5 Qxe4+ 13. Bxe4 Bxc4 14.
Nxc7+ Ke7 15. Nxa8 Rxa8 16. h4 Bh6 17. b3 Be6 18. g3 Rd8 19. O-O Rd2 20. Bd3
Nb4 21. Be4 Bd5 22. Bxd5 Nxd5 23. Rfe1+ Kd6 24. c4 Nc3 25. Re8 f5 26. f4 Kc7
27. Kf1 Ne4 28. Re7+ Kc6 29. Re6+ Kd7 30. Re5 Nxg3+ 31. Ke1 Bxf4 32. Rd5+ Rxd5
33. cxd5 Be3 34. Rd1 f4 35. Rd3 Kd6 {Normal} 0-1

[Event "Rated Blitz game"]
[Site "?"]
[Date "2021.07.06"]
[Round "?"]
[White "Son_Goku7"]
[Black "Taabling"]
[Result "0-1"]
[WhiteElo "2470"]
[BlackElo "2470"]
[PlyCount "48"]
[EventDate "2021.??.??"]
[EventType "blitz"]

1. e4 e5 2. Nf3 d5 3. Nxe5 Bd6 4. d4 dxe4 5. Nc4 Nf6 6. Nxd6+ Qxd6 7. c4 Nc6 8.
d5 Ne5 9. Nc3 O-O 10. Be3 Bf5 11. h3 Qb4 12. Qb3 Qxb3 13. axb3 a6 14. O-O-O
Rfe8 15. Ne2 h6 16. Nd4 Bh7 17. Kb1 Rad8 18. Be2 Nd3 19. Ka2 Nb4+ 20. Ka3 a5
21. g4 c6 22. dxc6 bxc6 23. g5 hxg5 24. Bxg5 Rxd4 {Normal} 0-1

[Event "Rated Blitz game"]
[Site "?"]
[Date "2021.07.06"]
[Round "?"]
[White "decf"]
[Black "blastol"]
[Result "0-1"]
[WhiteElo "2308"]
[BlackElo "2455"]
[PlyCount "28"]
[EventDate "2021.??.??"]
[EventType "blitz"]

1. e4 e5 2. Nf3 d5 3. Nxe5 Bd6 4. d4 dxe4 5. f4 exf3 6. Nxf3 Nf6 7. Bd3 O-O 8.
O-O Bg4 9. Bg5 Nc6 10. c3 h6 11. Bxf6 Qxf6 12. Nbd2 Qf4 13. g3 Qe3+ 14. Kg2
Qxd3 {Normal} 0-1

[Event "Rated Blitz tournament UJKa5DVQ"]
[Site "?"]
[Date "2021.07.06"]
[Round "?"]
[White "TedIanMontoyo"]
[Black "cuerosky"]
[Result "1-0"]
[WhiteElo "2536"]
[BlackElo "2249"]
[PlyCount "89"]
[EventDate "2021.??.??"]
[EventType "blitz"]

1. e4 e5 2. Nf3 d5 3. d4 dxe4 4. Nxe5 Bd6 5. Nc4 Nf6 6. Bg5 Bf5 7. Ne3 Bg6 8.
Nc3 c6 9. Qd2 h6 10. Bh4 Nbd7 11. O-O-O O-O 12. Kb1 Be7 13. Bc4 b5 14. Bb3 a5
15. a4 b4 16. Ne2 Nb6 17. Nf4 Bh7 18. Bxf6 Bxf6 19. d5 Qd6 20. Nh5 c5 21. Nxf6+
Qxf6 22. h4 Rac8 23. Qe2 Rfd8 24. g4 Qf4 25. Rhf1 Rd6 26. Qb5 Kh8 27. Qxa5 Bg8
28. Qb5 f6 29. a5 Nd7 30. Nc4 Rxd5 31. Rxd5 Bxd5 32. Qxd7 Be6 33. Qxe6 Rd8 34.
Qf5 Qh2 35. g5 Qxh4 36. gxf6 gxf6 37. Re1 Re8 38. Nd6 Re7 39. Nxe4 Re5 40. Qc8+
Kg7 41. Rg1+ Rg5 42. Qd7+ Kg6 43. Qe8+ Kf5 44. Nd6+ Kf4 45. Qe4# {Normal} 1-0

[Event "Rated Blitz game"]
[Site "?"]
[Date "2021.07.06"]
[Round "?"]
[White "xBucks1"]
[Black "blastol"]
[Result "1-0"]
[WhiteElo "2602"]
[BlackElo "2465"]
[PlyCount "52"]
[EventDate "2021.??.??"]
[EventType "blitz"]

1. e4 e5 2. Nf3 d5 3. exd5 Bd6 4. d4 e4 5. Ne5 Nf6 6. Bb5+ c6 7. dxc6 bxc6 8.
Nxc6 Qb6 9. c4 Nxc6 10. d5 O-O 11. dxc6 Rd8 12. Nc3 a6 13. Ba4 Bc5 14. Qc2 e3
15. Bxe3 Bxe3 16. fxe3 Qxe3+ 17. Qe2 Qb6 18. Qf2 Re8+ 19. Kf1 Qb4 20. Qd4 Be6
21. c7 Bxc4+ 22. Kg1 Qxb2 23. Rb1 Qxb1+ 24. Nxb1 Re1+ 25. Kf2 Re2+ 26. Kf3 Be6
{Normal} 1-0

[Event "Rated Blitz game"]
[Site "?"]
[Date "2021.07.06"]
[Round "?"]
[White "Azazzil"]
[Black "blastol"]
[Result "0-1"]
[WhiteElo "2295"]
[BlackElo "2463"]
[PlyCount "36"]
[EventDate "2021.??.??"]
[EventType "blitz"]

1. e4 e5 2. Nf3 d5 3. d3 Bd6 4. exd5 h6 5. c4 Nf6 6. Nc3 O-O 7. g3 c6 8. dxc6
Nxc6 9. Bg2 Bg4 10. h3 Bh5 11. g4 Bg6 12. O-O Bc5 13. Re1 Re8 14. Nd5 Nxd5 15.
cxd5 Qxd5 16. Nxe5 Qd4 17. Nxc6 Qxf2+ 18. Kh1 Rxe1+ {Normal} 0-1

[Event "Rated Blitz game"]
[Site "?"]
[Date "2021.07.06"]
[Round "?"]
[White "GhengisClown"]
[Black "specialprize4u"]
[Result "1-0"]
[WhiteElo "2412"]
[BlackElo "2334"]
[PlyCount "57"]
[EventDate "2021.??.??"]
[EventType "blitz"]

1. e4 e5 2. Nf3 d5 3. exd5 e4 4. Qe2 Nf6 5. d3 Bb4+ 6. Bd2 O-O 7. dxe4 Bc5 8.
Nc3 Re8 9. Bg5 h6 10. Bh4 g5 11. Nxg5 hxg5 12. Bxg5 Qd6 13. O-O-O Bf5 14. f3
Nbd7 15. h4 Bh7 16. h5 a6 17. Qd2 b5 18. Kb1 Ne5 19. f4 Nxe4 20. Nxe4 Bxe4 21.
fxe5 Qxe5 22. Bf4 Qf6 23. Bd3 Bxd3 24. cxd3 Qf5 25. Ka1 a5 26. g4 Qxd5 27. d4
Bd6 28. Bxd6 cxd6 29. g5 {Normal} 1-0

[Event "Rated Blitz game"]
[Site "?"]
[Date "2021.07.06"]
[Round "?"]
[White "Larifari1"]
[Black "GoughPhar"]
[Result "0-1"]
[WhiteElo "2358"]
[BlackElo "2405"]
[PlyCount "88"]
[EventDate "2021.??.??"]
[EventType "blitz"]

1. e4 e5 2. Nf3 d5 3. d4 dxe4 4. Nxe5 Bd6 5. Nc4 Nf6 6. Nc3 Nc6 7. Bg5 Bf5 8.
Be2 h6 9. Bh4 g5 10. Nxd6+ cxd6 11. Bg3 d5 12. Qd2 Qb6 13. Na4 Qxd4 14. Qxd4
Nxd4 15. Be5 Nxc2+ 16. Kd2 e3+ 17. fxe3 Ke7 18. Raf1 Ne4+ 19. Kxc2 Rhc8+ 20.
Kd1 Ke6 21. Bd4 Rc7 22. Nc3 Rac8 23. h4 g4 24. Rxf5 Kxf5 25. Rf1+ Kg6 26. Bxg4
Re8 27. Bf5+ Kh5 28. g4+ Kxh4 29. Nxd5 Rc6 30. Rh1+ Kg3 31. Nc3 Nf2+ 32. Ke2
Nxh1 33. Ne4+ Rxe4 34. Bxe4 Ra6 35. Bxh1 Rxa2 36. Be4 a5 37. Bxb7 a4 38. Bd5
Ra1 39. b4 Rg1 40. b5 Rb1 41. b6 a3 42. b7 Kxg4 43. Be5 a2 44. b8=Q Rxb8 {
Time forfeit} 0-1

[Event "Rated Blitz tournament UJKa5DVQ"]
[Site "?"]
[Date "2021.07.06"]
[Round "?"]
[White "Mannysen"]
[Black "cuerosky"]
[Result "1-0"]
[WhiteElo "2415"]
[BlackElo "2253"]
[PlyCount "97"]
[EventDate "2021.??.??"]
[EventType "blitz"]

1. e4 e5 2. Nf3 d5 3. exd5 e4 4. Qe2 Nf6 5. d3 Bb4+ 6. c3 O-O 7. dxe4 Bd6 8.
Bg5 Re8 9. Nbd2 h6 10. Bxf6 Qxf6 11. O-O-O c6 12. Nc4 Bf4+ 13. Kb1 cxd5 14. e5
Bf5+ 15. Ka1 Qg6 16. Nd6 Rd8 17. Nh4 Qe6 18. Nhxf5 g6 19. Nd4 Qxe5 20. Qxe5
Bxe5 21. Nxb7 Rd7 22. Nc5 Rc7 23. Nd3 Bf6 24. Be2 Nd7 25. Bf3 Nb6 26. Rhe1 Rb8
27. Nb5 Rd7 28. Nb4 Na4 29. Nxd5 Kg7 30. Nxf6 Rxd1+ 31. Rxd1 Rxb5 32. Ne8+ Kf8
33. Bc6 Nxb2 34. Bxb5 Nxd1 35. c4 Nc3 36. Nd6 Ke7 37. Nc8+ Ke6 38. Nxa7 Nd1 39.
c5 Nxf2 40. c6 Kd6 41. a4 Ne4 42. Nc8+ Kc7 43. Ne7 Nc3 44. Kb2 Nd1+ 45. Kb3 Ne3
46. Kb4 h5 47. Kc5 Kd8 48. Nd5 Nxg2 49. c7+ {Normal} 1-0

[Event "Rated Blitz game"]
[Site "?"]
[Date "2021.07.06"]
[Round "?"]
[White "vasiljev_alex2020"]
[Black "BaronBananenschnabel"]
[Result "0-1"]
[WhiteElo "2414"]
[BlackElo "2380"]
[PlyCount "38"]
[EventDate "2021.??.??"]
[EventType "blitz"]

1. e4 e5 2. Nf3 d5 3. Nxe5 Bd6 4. d4 dxe4 5. Nc4 Nf6 6. Be2 Bf5 7. O-O Nc6 8.
c3 h5 9. Bg5 Bxh2+ 10. Kxh2 Ng4+ 11. Bxg4 hxg4+ 12. Kg1 Qxg5 13. Re1 g3 14.
fxg3 O-O-O 15. Qd2 Qxg3 16. Qe3 Qh2+ 17. Kf1 Rh3 18. Qg1 Qf4+ 19. Ke2 Bg4# {
Normal} 0-1

[Event "Rated Blitz game"]
[Site "?"]
[Date "2021.07.06"]
[Round "?"]
[White "molinov"]
[Black "NaestvedVinderAltid"]
[Result "0-1"]
[WhiteElo "2472"]
[BlackElo "2335"]
[PlyCount "118"]
[EventDate "2021.??.??"]
[EventType "blitz"]

1. e4 e5 2. Nf3 d5 3. exd5 e4 4. Ne5 Qxd5 5. d4 exd3 6. Nxd3 Bd6 7. Nc3 Qf5 8.
Be2 Nf6 9. O-O Nc6 10. Bf3 O-O 11. Ne2 Ne5 12. Nxe5 Qxe5 13. Ng3 Qb5 14. c3 Bd7
15. Qb3 Qxb3 16. axb3 a6 17. Bxb7 Rab8 18. Bxa6 Rxb3 19. Bc4 Rbb8 20. Rd1 Bb5
21. Bxb5 Rxb5 22. Ne2 Re5 23. Nd4 Rfe8 24. Bf4 Rd5 25. Bxd6 Rxd6 26. f3 h6 27.
Kf2 Rb6 28. b4 Nd5 29. Rac1 Ra6 30. Rd2 Rea8 31. Nb3 Ra3 32. Rxd5 Rxb3 33. Rc2
Ra6 34. Rd8+ Kh7 35. Rd7 c6 36. Rxf7 Raa3 37. Rf4 Rxc3 38. Rc4 Rxc4 39. Rxc4
Ra6 40. Ke3 Kg6 41. Kd4 Kf7 42. Kc5 Ra2 43. Kxc6 Rxg2 44. b5 Rxh2 45. b6 Re2
46. Rc5 Re8 47. b7 Kf6 48. Kb6 Rb8 49. Ka7 Rxb7+ 50. Kxb7 g6 51. Kc6 h5 52. Kd6
h4 53. Kd5 Kf5 54. Rc1 Kf4 55. Rh1 g5 56. Ke6 Kxf3 57. Kf6 Kf4 58. Kg6 Kg3 59.
Kh5 h3 {Time forfeit} 0-1

[Event "Rated Rapid game"]
[Site "?"]
[Date "2021.07.06"]
[Round "?"]
[White "Bagaslao"]
[Black "hy847"]
[Result "0-1"]
[WhiteElo "2255"]
[BlackElo "2409"]
[PlyCount "30"]
[EventDate "2021.??.??"]
[EventType "rapid"]

1. e4 e5 2. Nf3 d5 3. exd5 e4 4. Nd4 Qxd5 5. Nb3 Nc6 6. Nc3 Qe5 7. g3 Nf6 8.
Bg2 Bg4 9. Ne2 O-O-O 10. O-O Qh5 11. Re1 Ne5 12. d4 Nf3+ 13. Bxf3 Bxf3 14. Qd2
Bd6 15. h4 Qg4 {Time forfeit} 0-1

[Event "Rated Blitz game"]
[Site "?"]
[Date "2021.07.06"]
[Round "?"]
[White "artem-us"]
[Black "Fantastic_power06"]
[Result "1/2-1/2"]
[WhiteElo "2599"]
[BlackElo "2678"]
[PlyCount "189"]
[EventDate "2021.??.??"]
[EventType "blitz"]

1. e4 e5 2. Nf3 d5 3. Nxe5 Bd6 4. d4 dxe4 5. Nc3 Bxe5 6. dxe5 Qxd1+ 7. Kxd1 Nc6
8. Nxe4 Bg4+ 9. f3 O-O-O+ 10. Ke1 Bf5 11. Bf4 Nge7 12. Bg3 Ng6 13. Be2 Ngxe5
14. Kf2 Bxe4 15. fxe4 Rd2 16. Rac1 Nd4 17. Bxe5 Rxe2+ 18. Kf1 Rxe4 19. Bxg7
Rhe8 20. Bxd4 Rxd4 21. Kf2 Rd2+ 22. Kf3 Ree2 23. g3 Rxc2 24. Rcf1 Rxb2 25. Kg4
Re7 26. a3 Rb3 27. Ra1 Kd7 28. Rhd1+ Ke8 29. Rdc1 Kf8 30. Rf1 Kg7 31. Rf4 c5
32. a4 Rb4 33. Raf1 Ree4 34. Kg5 h6+ 35. Kh5 Rxf4 36. gxf4 Rxa4 37. f5 Kf6 38.
Rc1 b6 39. Rf1 Re4 40. Rd1 Kxf5 41. Rd7 Kf6 42. Rxa7 Kg7 43. Rb7 Re6 44. h4 c4
45. Kg4 h5+ 46. Kf3 Rc6 47. Ke2 c3 48. Kd1 c2+ 49. Kc1 Rc4 50. Rxb6 Rxh4 51.
Kxc2 Rg4 52. Kd3 Rg6 53. Rb5 h4 54. Ke3 h3 55. Rb1 h2 56. Rh1 Rh6 57. Ke4 Kf8
58. Kf4 Kg7 59. Kg5 Rh8 60. Kf5 f6 61. Kf4 Kg6 62. Kg4 f5+ 63. Kg3 Kg5 64. Kf3
f4 65. Kg2 Kg4 66. Kf2 Ra8 67. Kf1 Ra1+ 68. Kg2 Rxh1 69. Kxh1 Kf3 70. Kxh2 Ke2
71. Kg1 f3 72. Kh2 f2 73. Kg3 f1=Q 74. Kh4 Qf3 75. Kg5 Qg2+ 76. Kh6 Kf2 77. Kh7
Qg3 78. Kh8 Kf3 79. Kh7 Qg4 80. Kh6 Kf4 81. Kh7 Qh4+ 82. Kg7 Kg3 83. Kf7 Qf4+
84. Ke8 Kf3 85. Kd7 Qe4 86. Kc8 Kf4 87. Kd8 Qe5 88. Kd7 Kf5 89. Kc8 Qe6+ 90.
Kb7 Kf6 91. Kb8 Qf7 92. Kc8 Ke6 93. Kd8 Qe7+ 94. Kc8 Kd6 95. Kb8 {Time forfeit}
1/2-1/2

[Event "Rated Blitz game"]
[Site "?"]
[Date "2021.07.06"]
[Round "?"]
[White "spartak15"]
[Black "BrilliantGambiteer"]
[Result "1-0"]
[WhiteElo "2316"]
[BlackElo "2413"]
[PlyCount "135"]
[EventDate "2021.??.??"]
[EventType "blitz"]

1. e4 e5 2. Nf3 d5 3. Nxe5 Bd6 4. d4 dxe4 5. Nc4 Nf6 6. Nxd6+ Qxd6 7. Nc3 c6 8.
Bg5 Bf5 9. Bc4 Nbd7 10. O-O O-O 11. Re1 Rfe8 12. a4 Nd5 13. Bb3 h6 14. Bh4 N7f6
15. Bg3 Qd7 16. Nxd5 cxd5 17. c4 dxc4 18. Bxc4 a6 19. Rc1 Rad8 20. Be5 Nd5 21.
Bxd5 Qxd5 22. Rc7 Rxe5 23. Qh5 g6 24. Qxh6 Qxd4 25. h4 Rc5 26. Rxb7 Rcd5 27. h5
R5d7 28. Rb3 Qg7 29. Qf4 Rd1 30. Rxd1 Rxd1+ 31. Kh2 Rd8 32. h6 Qf6 33. h7+ Kxh7
34. g4 Qh4+ 35. Rh3 Qxh3+ 36. Kxh3 Be6 37. b4 Rd3+ 38. Kg2 Bd5 39. b5 axb5 40.
axb5 e3+ 41. Kf1 Rd1+ 42. Ke2 Rb1 43. fxe3 Rxb5 44. Qf6 Be6 45. g5 Rf5 46. Qe7
Kg7 47. e4 Rf4 48. Ke3 Rf1 49. Kd4 Rd1+ 50. Ke5 Rf1 51. Qd8 Rf2 52. Qd4 Rf3 53.
Qd1 Bg4 54. Qh1 Rh3 55. Qg1 Be6 56. Qg2 Rh5 57. Qg3 Rh3 58. Qf4 Kg8 59. Kf6 Kh7
60. Qb8 Rf3+ 61. Ke7 Re3 62. e5 Rf3 63. Kf8 Rf5 64. Qb2 Rxg5 65. Qh2+ Rh5 66.
Qf4 Rf5 67. Qh4+ Rh5 68. Qf6 {Time forfeit} 1-0